Trên đỉnh Trường Sơn kể "Truyện Kiều" / Thiếu tướng Nguyễn An.

Sparad:
Bibliografiska uppgifter
Materialtyp: Bok
Publicerad: Thanh niên 1999
Taggar: Lägg till en tagg
Inga taggar, Lägg till första taggen!
Thư viện lưu trữ: Mạng thư viện Đại học Đà Nẵng
LEADER 00508nam a22001811a 4500
001 000035758
003 12049
005 20160318111218.0
008 160318s1999 000
082 |a 895.92834  |b NG-A 
245 |a Trên đỉnh Trường Sơn kể "Truyện Kiều" / Thiếu tướng Nguyễn An.  |c Nguyễn An 
260 |a Thanh niên  |c 1999 
OWN |a LNN 
999 |a From the UDN01 
TYP |a Monograph 
980 |a Mạng thư viện Đại học Đà Nẵng